009310000a22002050004500001000700000010002300007100004100030200012500071210004600196215002800242225002800270300023300298606003300531675001900564675002500583700003900608702003100647801001800678830002900696202107 aISBN 972-20-0677-0 a20220331 frey50  aVergílio FerreirafJ. L. Gavilanes Lasoeespaço simbólico e metafísicogtradução de António José Massano aLisboacPublicações Dom Quixoted1989 a348 p.ebrochadod23 cm aEstudos Portuguesesv21 aEnsaio sobre a obra de Vergílio Ferreira, constituído pela tese de doutoramento do autor, defendida em Junho em 1987 na Universidade de Salamanca. Contém dedicatória e notas do Prof. Dr. Almeida Faria na folha de guarda  aLiteratura Portuguesa Ensaio a82.09vPTzpor a821.134.3-4vPTzpor aLasof1944-bJosé Luis Gavilanes aMassanobAntónio José  aPTbBMMNgRPC cAna FalardofAna Falardo